000 00243nam a2200109Ia 4500
008 190216s9999||||xx |||||||||||||| ||und||
100 _aKurian C T
245 0 _aEliniyanthranam
260 _bBhasha Institute
650 _aZoology
942 _cBK
999 _c40450
_d40450